| 000 | 02307cam a22003494a 4500 | ||
|---|---|---|---|
| 001 | 16645702 | ||
| 003 | OSt | ||
| 005 | 20221004145400.0 | ||
| 008 | 110208s2011 moua b 001 0 eng | ||
| 010 | _a 2011005796 | ||
| 020 | _a9781437725674 (pbk. : alk. paper) | ||
| 035 | _a(DNLM)101553624 | ||
| 040 |
_aDNLM/DLC _cLC |
||
| 042 | _apcc | ||
| 050 | 0 | 0 | _aRT82.N87 |
| 082 | 0 | 0 |
_a610.7306/9 _222 |
| 245 | 0 | 0 |
_aNursing today: transition and trends. / _c[edtied by] JoAnn Zerwekh, Ashley Zerwekh Garneau. |
| 250 | _a7th ed. | ||
| 260 |
_aSt. Louis: _bElsevier/Saunders, _c2011. |
||
| 300 |
_axxix, 608 p. : _bcol. ill. ; _c24 cm. |
||
| 504 | _aIncludes bibliographical references and index. | ||
| 505 | 0 | _aContents: Professional growth and transition: Role transitions -- Personal management: time and self-care strategies -- Mentorship and preceptorship -- Career development: Employment considerations : opportunities, resumes, and interviewing -- NCLEX-RN(r) examination and the new graduate -- Nursing: a developing profession: Historical perspectives: influences on the present -- Nursing education -- Nursing theory -- Image of nursing: influences of the present -- Nursing management: Challenges of nursing management and leadership -- Building nursing management skills -- Effective communication and team building -- Conflict management -- Delegation in the clinical setting --Current issues in health care: The health care organization and patterns of nursing care delivery -- Economics of the health care delivery system -- Political action in nursing -- Collective bargaining: traditional (union) and nontraditional approaches -- Ethical issues -- Legal issues -- Contemporary nursing practice: Cultural and spiritual awareness -- Quality patient care -- Nursing informatics -- Using nursing research in practice -- Workplace issues -- Emergency preparedness -- | |
| 650 | 0 |
_aNursing _xVocational guidance. _9512 |
|
| 650 | 0 |
_aNursing _xSocial aspects. _9125 |
|
| 650 | 1 | 2 |
_aNursing. _9102 |
| 650 | 2 | 2 |
_aVocational Guidance. _9472 |
| 700 | 1 |
_aZerwekh, JoAnn _9513 |
|
| 700 | 1 |
_aGarneau, Ashley Zerwekh. _9514 |
|
| 906 |
_a7 _bcbc _corignew _d1 _eecip _f20 _gy-gencatlg |
||
| 942 |
_2lcc _cBK |
||
| 999 |
_c9249 _d16749 |
||